[Event "EIBCC 2019"]
[Site "Tallinn"]
[Date "2019.12.07"]
[Round "3.16"]
[White "Antoms, Guntars"]
[Black "Hjartarson, Johann"]
[Result "0-1"]
[WhiteElo "2198"]
[BlackElo "2559"]
[Annotator "ChessBase"]
[PlyCount "64"]
[EventDate "2019.12.06"]
[EventType "swiss"]
[EventCountry "EST"]
[SourceTitle "playchess.com"]
[Source "ChessBase"]
[SourceQuality "1"]

1. e4 g6 2. Nc3 Bg7 3. f4 d6 4. Nf3 c5 5. Bc4 Nc6 6. O-O e6 7. f5 Nge7 8. fxe6 Bxe6 9. Bxe6 fxe6 10. Ng5 Qd7 11. d3 Ne5 12. Bf4 N7c6 13. Nf3 O-O 14. Nxe5 Nxe5 15. Qd2 b5 16. Bh6 b4 17. Ne2 a5 18. Rxf8+ Rxf8 19. Rf1 Rxf1+ 20. Kxf1 Qf7+ 21. Kg1 Ng4 22. Bf4 Bxb2 23. h3 Ne5 24. Bh6 Qf6 25. Bg5 Qf7 26. Bh6 Nc6 27. c4 Be5 28. Qd1 Nd4 29. Nxd4 Bxd4+ 30. Kh2 Qf2 31. Bg5 a4 32. Qg4 Be5+ 0-1

[Event "EIBCC 2019"]
[Site "Tallinn"]
[Date "2019.12.07"]
[Round "3.17"]
[White "Lintchevski, Daniil"]
[Black "Martynov, Roman"]
[Result "1-0"]
[WhiteElo "2553"]
[BlackElo "2196"]
[Annotator "ChessBase"]
[PlyCount "51"]
[EventDate "2019.12.06"]
[EventType "swiss"]
[EventCountry "EST"]
[SourceTitle "playchess.com"]
[Source "ChessBase"]
[SourceQuality "1"]

1. e4 c6 2. d4 d5 3. exd5 cxd5 4. Bd3 Nc6 5. c3 Nf6 6. Bf4 Bg4 7. Qb3 Qd7 8. Nd2 e6 9. Ngf3 Bxf3 10. Nxf3 Bd6 11. Bxd6 Qxd6 12. O-O O-O 13. Qc2 Rfc8 14. Qe2 h6 15. Ne5 a6 16. f4 b5 17. a3 Nd7 18. Rae1 Nf8 19. Qh5 Ra7 20. f5 exf5 21. Qxf5 Rcc7 22. Nxc6 Qxc6 23. Re5 Rd7 24. Rfe1 a5 25. Re8 b4 26. Qh7# 1-0

[Event "EIBCC 2019"]
[Site "Tallinn"]
[Date "2019.12.07"]
[Round "3.18"]
[White "Sorensen, Hampus"]
[Black "Popov, Valerij"]
[Result "0-1"]
[WhiteElo "2196"]
[BlackElo "2547"]
[Annotator "ChessBase"]
[PlyCount "72"]
[EventDate "2019.12.06"]
[EventType "swiss"]
[EventCountry "EST"]
[SourceTitle "playchess.com"]
[Source "ChessBase"]
[SourceQuality "1"]

1. d4 d5 2. c4 e6 3. Nf3 Nd7 4. Bg5 Ngf6 5. e3 h6 6. Bh4 g5 7. Bg3 Ne4 8. Nbd2 Nxg3 9. hxg3 Bg7 10. cxd5 exd5 11. Bd3 c5 12. Rc1 c4 13. Bb1 b5 14. e4 Nb6 15. e5 h5 16. Nf1 g4 17. Nh4 Bh6 18. Ne3 Na4 19. Rc2 Be6 20. Nhf5 Bxe3 21. Nd6+ Kd7 22. fxe3 f6 23. Rf2 fxe5 24. dxe5 Qa5+ 25. Kf1 Raf8 26. Qe2 Qb4 27. Bf5 Qxb2 28. Qxb2 Nxb2 29. Rxb2 Bxf5 30. Ke1 a6 31. Rf2 Bg6 32. Rxf8 Rxf8 33. Nb7 Kc6 34. Nd6 b4 35. Kd2 c3+ 36. Kc1 a5 0-1

[Event "EIBCC 2019"]
[Site "Tallinn"]
[Date "2019.12.07"]
[Round "3.19"]
[White "Ruck, Robert"]
[Black "Peterson, Emery"]
[Result "1-0"]
[WhiteElo "2541"]
[BlackElo "2195"]
[Annotator "ChessBase"]
[PlyCount "48"]
[EventDate "2019.12.06"]
[EventType "swiss"]
[EventCountry "EST"]
[SourceTitle "playchess.com"]
[Source "ChessBase"]
[SourceQuality "1"]

1. Nf3 e6 2. g3 d5 3. Bg2 c6 4. O-O Bd6 5. d3 Ne7 6. e4 O-O 7. Nbd2 f6 8. Re1 e5 9. d4 Bg4 10. h3 Bh5 11. c3 Nd7 12. Qb3 Rb8 13. dxe5 Nxe5 14. Nd4 Bf7 15. Qc2 Bc5 16. N2b3 Bb6 17. Bf4 N7g6 18. Be3 Nc4 19. Rad1 Nxe3 20. Rxe3 Re8 21. Re2 Ne5 22. Nf5 Rc8 23. exd5 cxd5 24. Kh2 Kh8 1-0

[Event "EIBCC 2019"]
[Site "Tallinn"]
[Date "2019.12.07"]
[Round "3.20"]
[White "Cherepov, Alexej"]
[Black "Turov, Maxim"]
[Result "0-1"]
[WhiteElo "2189"]
[BlackElo "2535"]
[Annotator "ChessBase"]
[PlyCount "86"]
[EventDate "2019.12.06"]
[EventType "swiss"]
[EventCountry "EST"]
[SourceTitle "playchess.com"]
[Source "ChessBase"]
[SourceQuality "1"]

1. d4 Nf6 2. c4 e6 3. g3 Bb4+ 4. Bd2 a5 5. Nf3 d6 6. Bg2 Nc6 7. O-O e5 8. d5 Ne7 9. Nc3 O-O 10. Ne1 Bf5 11. f3 Bg6 12. e4 Nd7 13. g4 Nc5 14. Qe2 c6 15. Nd3 Nxd3 16. Qxd3 b5 17. b3 bxc4 18. bxc4 Bc5+ 19. Kh1 h5 20. h3 hxg4 21. fxg4 Rb8 22. Rab1 Qc7 23. Kh2 f6 24. Kg3 Rxb1 25. Rxb1 Rb8 26. Rxb8+ Qxb8 27. Qb1 Qxb1 28. Nxb1 cxd5 29. cxd5 Nxd5 30. Bxa5 Ne3 31. Bf3 d5 32. Nd2 d4 33. a4 Be8 34. Bc7 Bxa4 35. h4 Kf7 36. g5 Bb4 37. Nb1 Bc2 38. h5 Bxb1 39. h6 gxh6 40. gxh6 Kg6 41. Be2 d3 42. Bg4 Nxg4 43. Kxg4 Kxh6 0-1

[Event "EIBCC 2019"]
[Site "Tallinn"]
[Date "2019.12.07"]
[Round "3.21"]
[White "Kiratzopoulos, Efthimios"]
[Black "Dragnev, Valentin"]
[Result "1-0"]
[WhiteElo "2187"]
[BlackElo "2523"]
[Annotator "ChessBase"]
[PlyCount "73"]
[EventDate "2019.12.06"]
[EventType "swiss"]
[EventCountry "EST"]
[SourceTitle "playchess.com"]
[Source "ChessBase"]
[SourceQuality "1"]

1. d4 Nf6 2. Nf3 d5 3. Bg5 Ne4 4. Bf4 c5 5. Nbd2 Nc6 6. Nxe4 dxe4 7. d5 Nb4 8. c3 Nxd5 9. Qa4+ Qd7 10. Qxe4 Qf5 11. Qxf5 Bxf5 12. e4 Nxf4 13. exf5 a6 14. g3 Nd5 15. O-O-O Nb6 16. Bg2 g6 17. Ne5 Rb8 18. Nd3 Nd7 19. Rhe1 Bg7 20. f4 Bf6 21. Ne5 Nxe5 22. fxe5 Bg5+ 23. Kc2 gxf5 24. e6 fxe6 25. Rxe6 O-O 26. Rd7 f4 27. gxf4 Rxf4 28. Bd5 Kg7 29. Rxb7 Rf2+ 30. Kb3 Rd8 31. c4 Rxh2 32. Rxa6 h5 33. Rc6 h4 34. Rxc5 Bc1 35. Kc3 Rf8 36. Rxe7+ Kh8 37. Be4 1-0

[Event "EIBCC 2019"]
[Site "Tallinn"]
[Date "2019.12.07"]
[Round "3.22"]
[White "Gretarsson, Helgi Ass"]
[Black "Decosse, Jean-Fabien"]
[Result "1-0"]
[WhiteElo "2523"]
[BlackElo "2185"]
[Annotator "ChessBase"]
[PlyCount "104"]
[EventDate "2019.12.06"]
[EventType "swiss"]
[EventCountry "EST"]
[SourceTitle "playchess.com"]
[Source "ChessBase"]
[SourceQuality "1"]

1. d4 Nf6 2. c4 e6 3. Nf3 Bb4+ 4. Nbd2 c5 5. a3 Bxd2+ 6. Qxd2 cxd4 7. Qxd4 Nc6 8. Qh4 O-O 9. e3 d5 10. Be2 Na5 11. cxd5 Nb3 12. Rb1 Qa5+ 13. Qb4 Qxb4+ 14. axb4 Nxd5 15. b5 a6 16. bxa6 bxa6 17. Bc4 Nxc1 18. Rxc1 Bb7 19. Ke2 Rfc8 20. Rhd1 Kf8 21. Bd3 h6 22. Ne5 Ke7 23. f3 Rxc1 24. Rxc1 Rc8 25. Rxc8 Bxc8 26. Kd2 f6 27. Nc6+ Kd6 28. Na5 Kc5 29. g3 e5 30. e4 Nb6 31. Nb3+ Kb4 32. Bc2 Nc4+ 33. Kc1 a5 34. Nd2 Nxd2 35. Kxd2 Ba6 36. f4 Bc4 37. h4 g5 38. hxg5 hxg5 39. fxg5 fxg5 40. Kc1 Bb3 41. Bd3 Bc4 42. Bc2 Kc5 43. Kd2 Kd4 44. Bb1 Bb3 45. Ke2 Bf7 46. Kf3 Bh5+ 47. g4 Be8 48. Bc2 Bc6 49. Bb1 Bb5 50. Ba2 Bc4 51. Bb1 Bd3 52. Bxd3 Kxd3 1-0

[Event "EIBCC 2019"]
[Site "Tallinn"]
[Date "2019.12.07"]
[Round "3.23"]
[White "Azimov, Ilyas"]
[Black "Usmanov, Vasily"]
[Result "0-1"]
[WhiteElo "2183"]
[BlackElo "2495"]
[Annotator "ChessBase"]
[PlyCount "108"]
[EventDate "2019.12.06"]
[EventType "swiss"]
[EventCountry "EST"]
[SourceTitle "playchess.com"]
[Source "ChessBase"]
[SourceQuality "1"]

1. e4 e5 2. Nf3 Nf6 3. Nxe5 d6 4. Nf3 Nxe4 5. Nc3 Nf6 6. d4 Be7 7. h3 O-O 8. Bd3 b6 9. O-O Bb7 10. Bg5 Nbd7 11. Re1 Re8 12. Bf1 h6 13. Bh4 Nf8 14. Qd3 Ng6 15. Bg3 Nh5 16. Bh2 Nhf4 17. Bxf4 Nxf4 18. Qe3 Ng6 19. Bb5 c6 20. Bd3 Bf6 21. Qd2 Qd7 22. Ne4 Be7 23. c3 c5 24. Rad1 d5 25. Ng3 Bd6 26. Bxg6 fxg6 27. Ne5 Bxe5 28. dxe5 Qe6 29. b4 Re7 30. Qe3 Rc8 31. a3 Rf7 32. Rf1 Kh7 33. f4 Qc6 34. Rf2 Rcf8 35. Ne2 g5 36. g3 gxf4 37. gxf4 d4 38. Qd3+ Kh8 39. Kh2 g5 40. Rg1 dxc3 41. b5 Qe4 42. Qxe4 Bxe4 43. Nxc3 Rxf4 44. Rxf4 Rxf4 45. Re1 Bg6 46. Nd5 Re4 47. Rxe4 Bxe4 48. Nf6 Bf5 49. Kg3 c4 50. Nd5 Be6 51. Nc3 Kg7 52. a4 Kg6 53. Ne4 Kf5 54. Nd6+ Kxe5 0-1

[Event "EIBCC 2019"]
[Site "Tallinn"]
[Date "2019.12.07"]
[Round "3.24"]
[White "Schneider, Ilja"]
[Black "Nasibullin, Iskander"]
[Result "0-1"]
[WhiteElo "2483"]
[BlackElo "2171"]
[Annotator "ChessBase"]
[PlyCount "60"]
[EventDate "2019.12.06"]
[EventType "swiss"]
[EventCountry "EST"]
[SourceTitle "playchess.com"]
[Source "ChessBase"]
[SourceQuality "1"]

1. d4 Nf6 2. Bg5 e6 3. e4 h6 4. Bxf6 Qxf6 5. Nc3 Bb4 6. Qd3 O-O 7. O-O-O c5 8. e5 Qg5+ 9. Kb1 cxd4 10. Nf3 Qd8 11. Nb5 Nc6 12. Nbxd4 d5 13. exd6 Qxd6 14. Be2 Nxd4 15. Nxd4 Qb6 16. Bf3 e5 17. Nf5 Be6 18. Bd5 Rad8 19. Ne3 Bc5 20. c4 Bd4 21. Qb3 Qc5 22. Rhe1 b5 23. Bxe6 fxe6 24. f3 bxc4 25. Nxc4 Rb8 26. Qc2 Rfc8 27. Rc1 Qxc4 28. Qxc4 Rxb2+ 29. Ka1 Rxc4 30. Rxc4 Re2+ 0-1

[Event "EIBCC 2019"]
[Site "Tallinn"]
[Date "2019.12.07"]
[Round "3.25"]
[White "Potapov, Pavel"]
[Black "Muter, Donny"]
[Result "1-0"]
[WhiteElo "2464"]
[BlackElo "2169"]
[Annotator "ChessBase"]
[PlyCount "98"]
[EventDate "2019.12.06"]
[EventType "swiss"]
[EventCountry "EST"]
[SourceTitle "playchess.com"]
[Source "ChessBase"]
[SourceQuality "1"]

1. e4 d6 2. d4 Nf6 3. Nc3 Nbd7 4. Nf3 e5 5. Bc4 Be7 6. O-O O-O 7. a4 c6 8. Re1 Qc7 9. h3 a5 10. Bg5 Nb6 11. Bb3 h6 12. Bh4 Be6 13. d5 cxd5 14. exd5 Bf5 15. Nb5 Qd8 16. Bxf6 Bxf6 17. c3 Be7 18. Qd2 Kh8 19. Rad1 Bh7 20. Bc2 f5 21. b3 Nd7 22. c4 Nc5 23. Qc1 g5 24. Qa3 b6 25. Qb2 Bf6 26. Qb1 Bg7 27. Nh2 e4 28. f3 Qe7 29. fxe4 fxe4 30. Ng4 Rae8 31. Ne3 Be5 32. Rf1 Rf4 33. Ng4 Bg7 34. g3 Rff8 35. Kg2 h5 36. Ne3 Be5 37. Rxf8+ Rxf8 38. Rf1 Rxf1 39. Qxf1 Kg8 40. Nf5 Qf6 41. g4 hxg4 42. hxg4 Nd3 43. Bxd3 exd3 44. Qxd3 Bf4 45. Qe2 Bg6 46. Qe6+ Qxe6 47. dxe6 Kf8 48. Kf3 Bh7 49. Ke4 Bg8 1-0

[Event "EIBCC 2019"]
[Site "Tallinn"]
[Date "2019.12.07"]
[Round "3.26"]
[White "Kanep, Siim"]
[Black "Stupak, Kirill"]
[Result "1/2-1/2"]
[WhiteElo "2166"]
[BlackElo "2459"]
[Annotator "ChessBase"]
[PlyCount "97"]
[EventDate "2019.12.06"]
[EventType "swiss"]
[EventCountry "EST"]
[SourceTitle "playchess.com"]
[Source "ChessBase"]
[SourceQuality "1"]

1. d4 g6 2. e4 Bg7 3. Nc3 d6 4. Be3 c6 5. Qd2 b5 6. Nf3 Nf6 7. Bd3 O-O 8. h3 Nbd7 9. O-O e5 10. Bh6 Re8 11. Bxg7 Kxg7 12. Rfe1 Qc7 13. Ne2 Bb7 14. Ng3 h6 15. c3 Nf8 16. Bc2 Ne6 17. Bb3 Nf4 18. Qe3 c5 19. dxc5 dxc5 20. Bc2 c4 21. Rad1 a6 22. Rd2 Rad8 23. Red1 Rxd2 24. Rxd2 Re6 25. Kh2 h5 26. Ng5 Rd6 27. Rxd6 Qxd6 28. Qa7 Qc6 29. Qb8 h4 30. Nf1 Nd7 31. Qe8 Qf6 32. Nf3 Bc6 33. Ne3 Ne6 34. Ng4 Qf4+ 35. Kg1 Bxe4 36. Bxe4 Qxe4 37. Qxd7 Qb1+ 38. Kh2 Qc1 39. Qd2 Qb1 40. Qe3 f6 41. Qa7+ Kf8 42. Qxa6 Qf5 43. Qc8+ Kg7 44. Qb7+ Kf8 45. Qb8+ Kg7 46. Qb7+ Kf8 47. Qxb5 Qf4+ 48. Kg1 Qc1+ 49. Kh2 1/2-1/2

[Event "EIBCC 2019"]
[Site "Tallinn"]
[Date "2019.12.07"]
[Round "3.27"]
[White "Askerov, Marat"]
[Black "Ladva, Ottomar"]
[Result "0-1"]
[WhiteElo "2164"]
[BlackElo "2457"]
[Annotator "ChessBase"]
[PlyCount "108"]
[EventDate "2019.12.06"]
[EventType "swiss"]
[EventCountry "EST"]
[SourceTitle "playchess.com"]
[Source "ChessBase"]
[SourceQuality "1"]

1. d4 d5 2. c4 e6 3. Nc3 Nf6 4. cxd5 Nxd5 5. e4 Nxc3 6. bxc3 c5 7. Nf3 cxd4 8. cxd4 Bb4+ 9. Bd2 Bxd2+ 10. Qxd2 O-O 11. Bc4 Nd7 12. O-O b6 13. Rfd1 Bb7 14. d5 Nc5 15. dxe6 fxe6 16. Qxd8 Raxd8 17. Ng5 Bc8 18. f3 h6 19. Nh3 Kf7 20. Kf2 Ke7 21. Ke3 g5 22. Nf2 Bb7 23. h4 Rc8 24. hxg5 hxg5 25. Rh1 Nxe4 26. Rh7+ Rf7 27. Rxf7+ Kxf7 28. Bxe6+ Kxe6 29. Nxe4 Bxe4 30. fxe4 Ke5 31. Rd1 Rc3+ 32. Kf2 Kxe4 33. Rd2 Ra3 34. Re2+ Kf4 35. Rb2 Ra4 36. Rc2 Kg4 37. Rd2 b5 38. Rb2 a6 39. Rc2 Rb4 40. Rd2 a5 41. a3 Rb3 42. Rd4+ Kh5 43. Rd5 a4 44. Rc5 Kh4 45. Rd5 Rb2+ 46. Kf3 g4+ 47. Kf4 Rf2+ 48. Ke3 Rxg2 49. Rxb5 Rg3+ 50. Kf4 Rf3+ 51. Ke4 Rxa3 52. Ra5 Kg3 53. Ra8 Ra1 54. Kf5 Kf3 0-1

[Event "EIBCC 2019"]
[Site "Tallinn"]
[Date "2019.12.07"]
[Round "3.28"]
[White "Sebenik, Matej"]
[Black "Neff, Sergei"]
[Result "0-1"]
[WhiteElo "2457"]
[BlackElo "2160"]
[Annotator "ChessBase"]
[PlyCount "97"]
[EventDate "2019.12.06"]
[EventType "swiss"]
[EventCountry "EST"]
[SourceTitle "playchess.com"]
[Source "ChessBase"]
[SourceQuality "1"]

1. Nf3 b6 2. e4 Bb7 3. Nc3 e6 4. d4 Bb4 5. Bd3 Nf6 6. Bg5 h6 7. Bxf6 Qxf6 8. O-O Bxc3 9. bxc3 d6 10. Nd2 e5 11. Bb5+ c6 12. dxe5 dxe5 13. Bd3 Nd7 14. a4 O-O 15. a5 Nc5 16. Nb3 Qe7 17. Qe2 b5 18. Qe3 Nxb3 19. cxb3 a6 20. b4 c5 21. bxc5 Rac8 22. c4 bxc4 23. Bxc4 Qxc5 24. Qxc5 Rxc5 25. Be2 Rc2 26. Bd3 Rc3 27. Rfb1 Rxd3 28. Rxb7 Rfd8 29. g3 Rd1+ 30. Rxd1 Rxd1+ 31. Kg2 Ra1 32. Re7 f6 33. h4 h5 34. Ra7 Rxa5 35. g4 hxg4 36. Kg3 Ra4 37. Kxg4 Rxe4+ 38. Kf5 Rxh4 39. Rxa6 Kh7 40. Ra2 Rf4+ 41. Ke6 g5 42. Kf7 Kh6 43. f3 f5 44. Kf6 Kh5 45. Rh2+ Rh4 46. Re2 g4 47. Rxe5 g3 48. Rxf5+ Kh6 49. Ke5 0-1

[Event "EIBCC 2019"]
[Site "Tallinn"]
[Date "2019.12.07"]
[Round "3.29"]
[White "Schnabel, Ralf"]
[Black "Frischmann, Rick"]
[Result "0-1"]
[WhiteElo "2159"]
[BlackElo "2450"]
[Annotator "ChessBase"]
[PlyCount "52"]
[EventDate "2019.12.06"]
[EventType "swiss"]
[EventCountry "EST"]
[SourceTitle "playchess.com"]
[Source "ChessBase"]
[SourceQuality "1"]

1. e4 c5 2. Nf3 e6 3. b3 b6 4. Bb2 Bb7 5. Qe2 Nc6 6. Nc3 Nf6 7. O-O-O Nd4 8. Qe1 Be7 9. Kb1 O-O 10. Bd3 d6 11. Rg1 a6 12. Nxd4 cxd4 13. Ne2 e5 14. f3 d5 15. Ng3 Re8 16. exd5 Bf8 17. Be4 Bxd5 18. d3 a5 19. Ne2 a4 20. Nc1 axb3 21. axb3 Ba3 22. Bxa3 Rxa3 23. Qb4 Qa8 24. Kb2 Ra1 25. g4 Qa7 26. g5 Ra8 0-1

[Event "EIBCC 2019"]
[Site "Tallinn"]
[Date "2019.12.07"]
[Round "3.30"]
[White "Belyakov, Bogdan"]
[Black "Ladopoulos, Dimitrios"]
[Result "1/2-1/2"]
[WhiteElo "2431"]
[BlackElo "2151"]
[Annotator "NA"]
[PlyCount "178"]
[EventDate "2019.12.06"]
[EventType "swiss"]
[EventCountry "EST"]
[SourceTitle "playchess.com"]
[Source "ChessBase"]
[SourceQuality "1"]

1. e4 d6 2. d4 Nf6 3. Nc3 c6 4. Nf3 Bg4 5. h3 Bh5 6. Be2 Nbd7 7. e5 Bxf3 8. exf6 Bxe2 9. fxg7 Bxg7 10. Nxe2 Qa5+ 11. c3 O-O-O 12. Qb3 Qd5 13. Qxd5 cxd5 14. Bg5 Rde8 15. Kd2 e6 16. Rae1 b5 17. Kd3 Nb6 18. Bd2 Kd7 19. g4 a5 20. Ng3 Bf6 21. Nh5 Bd8 22. f4 a4 23. b3 Kc6 24. Rhf1 Nd7 25. Rb1 Ba5 26. Rfc1 Nb6 27. Ke2 axb3 28. axb3 Nd7 29. Kd3 Rb8 30. Ra1 Bb6 31. Ra2 Kb7 32. Rf1 Rbe8 33. Be1 Rhf8 34. Bh4 e5 35. fxe5 dxe5 36. dxe5 Nxe5+ 37. Kd2 Ng6 38. Bf2 Re6 39. Bxb6 Kxb6 40. Rf2 Ne5 41. Ra1 Nc6 42. Raf1 Ra8 43. Nf4 Ra2+ 44. Kd3 Rxf2 45. Rxf2 Rd6 46. Nh5 d4 47. Rf5 dxc3+ 48. Kxc3 b4+ 49. Kb2 Rd2+ 50. Kc1 Rd3 51. Rxf7 Rxh3 52. Rxh7 Rxb3 53. Rh6 Kc5 54. g5 Rc3+ 55. Kd2 Ne5 56. g6 Nc4+ 57. Ke2 b3 58. g7 Re3+ 59. Kf2 b2 60. g8=Q b1=Q 61. Qc8+ Kd4 62. Qh8+ Re5 63. Qd8+ Kc3 64. Qf6 Qe1+ 65. Kf3 Qe2+ 66. Kg3 Qe3+ 67. Kh4 Qe1+ 68. Ng3 Kc2 69. Qg6+ Kc1 70. Rh5 Nd2 71. Rxe5 Qxe5 72. Qc6+ Kd1 73. Qh1+ Kc2 74. Qc6+ Kd3 75. Kg4 Qg7+ 76. Kh3 Qe5 77. Qd7+ Kc2 78. Qh7+ Kb3 79. Kg4 Qd4+ 80. Kh3 Nc4 81. Qf7 Kb4 82. Nf5 Qd3+ 83. Kh4 Qe4+ 84. Kh5 Ne5 85. Qe7+ Kb3 86. Qe6+ Ka3 87. Qd6+ Ka2 88. Qd2+ Ka3 89. Qe3+ Qxe3 1/2-1/2

[Event "EIBCC 2019"]
[Site "Tallinn"]
[Date "2019.12.07"]
[Round "3.31"]
[White "Kues, Hendrik"]
[Black "Galopoulos, Nikolaos"]
[Result "0-1"]
[WhiteElo "2149"]
[BlackElo "2429"]
[Annotator "NA"]
[PlyCount "62"]
[EventDate "2019.12.06"]
[EventType "swiss"]
[EventCountry "EST"]
[SourceTitle "playchess.com"]
[Source "ChessBase"]
[SourceQuality "1"]

1. d4 Nf6 2. Bf4 e6 3. e3 c5 4. c3 b6 5. Nf3 Bb7 6. h3 Be7 7. Bd3 O-O 8. O-O d6 9. a4 cxd4 10. exd4 Nbd7 11. Bh2 Qc7 12. Nbd2 Rfe8 13. Qe2 Bf8 14. Ne4 Nxe4 15. Bxe4 a6 16. Rfe1 Bxe4 17. Qxe4 Nf6 18. Qe2 Qb7 19. Qc2 b5 20. Qb3 Rec8 21. Bf4 Qd5 22. Qd1 Rab8 23. axb5 axb5 24. Ra7 b4 25. Ng5 Rb7 26. Qa1 h6 27. Nf3 Rxa7 28. Qxa7 bxc3 29. bxc3 Rxc3 30. Rb1 Qf5 31. Rb8 Qxf4 0-1

[Event "EIBCC 2019"]
[Site "Tallinn"]
[Date "2019.12.07"]
[Round "3.32"]
[White "Zelbel, Patrick"]
[Black "Vetokhin, Savva"]
[Result "0-1"]
[WhiteElo "2425"]
[BlackElo "2145"]
[Annotator "NA"]
[PlyCount "160"]
[EventDate "2019.12.06"]
[EventType "swiss"]
[EventCountry "EST"]
[SourceTitle "playchess.com"]
[Source "ChessBase"]
[SourceQuality "1"]

1. e4 c5 2. c3 Nf6 3. e5 Nd5 4. Bc4 Nb6 5. Bb3 Nc6 6. Nf3 d5 7. exd6 Qxd6 8. O-O e6 9. d4 cxd4 10. Nxd4 Nxd4 11. cxd4 Be7 12. Nc3 O-O 13. Qf3 Bd7 14. Rd1 Bc6 15. Qg4 Bf6 16. Ne4 Bxe4 17. Qxe4 Nd5 18. Bd2 Rfd8 19. Bc2 g6 20. g3 Rac8 21. a3 Qb6 22. Bc1 Qc6 23. Bd3 Qb6 24. Bf1 Rc7 25. Rb1 Rdc8 26. Bh6 Rd8 27. Bh3 Rcd7 28. Rd2 Nc7 29. Rbd1 Rxd4 30. Rxd4 Rxd4 31. Rxd4 Bxd4 32. Qc2 Qxb2 33. Qxb2 Bxb2 34. a4 Nd5 35. Bd2 Bc3 36. Bc1 a5 37. Bg2 b6 38. Kf1 Bb4 39. Ke2 Nc3+ 40. Kd3 Nxa4 41. Kc4 Nc5 42. Kb5 Nd3 43. Be3 Bc5 44. Bxc5 Nxc5 45. Kxb6 Nd3 46. Kxa5 Nxf2 47. Kb4 Ng4 48. h3 Ne3 49. Bf3 Kg7 50. Kc3 Nf5 51. g4 Nh4 52. Bh1 g5 53. Kd4 Ng6 54. Bg2 Nf4 55. Bf1 Kf6 56. Ke4 h6 57. h4 Ke7 58. hxg5 hxg5 59. Ke5 f6+ 60. Ke4 Kd6 61. Kd4 f5 62. gxf5 exf5 63. Bc4 g4 64. Ke3 Ke5 65. Bf1 Nd5+ 66. Kf2 f4 67. Bc4 Ne3 68. Ba6 Kf5 69. Bb7 Kg5 70. Ba8 Kh4 71. Bb7 Kh3 72. Bc8 Kh4 73. Bb7 g3+ 74. Kf3 g2 75. Kf2 Kh3 76. Bxg2+ Nxg2 77. Kf3 Kh2 78. Kg4 Kg1 79. Kf3 Kf1 80. Ke4 Kf2 0-1

[Event "EIBCC 2019"]
[Site "Tallinn"]
[Date "2019.12.07"]
[Round "3.33"]
[White "Haitin, Ilja"]
[Black "Thorfinnsson, Bragi"]
[Result "1/2-1/2"]
[WhiteElo "2146"]
[BlackElo "2422"]
[Annotator "NA"]
[PlyCount "234"]
[EventDate "2019.12.06"]
[EventType "swiss"]
[EventCountry "EST"]
[SourceTitle "playchess.com"]
[Source "ChessBase"]
[SourceQuality "1"]

1. d4 Nf6 2. Bg5 e6 3. Nf3 c5 4. e3 b6 5. d5 exd5 6. Bxf6 Qxf6 7. Qxd5 Nc6 8. Nc3 Be7 9. Be2 O-O 10. O-O Rb8 11. Qd2 Bb7 12. Qxd7 Ne5 13. Nxe5 Qxe5 14. Qh3 Bf6 15. Rad1 a6 16. Bf3 b5 17. Bxb7 Rxb7 18. Rd5 Qe7 19. Qf5 g6 20. Qe4 Bxc3 21. Qxe7 Rxe7 22. bxc3 Rc8 23. Rfd1 Re4 24. Kf1 Ra4 25. Rd8+ Rxd8 26. Rxd8+ Kg7 27. Ke2 Rxa2 28. Kd2 a5 29. Rb8 b4 30. cxb4 cxb4 31. Kd3 Ra3+ 32. Kd2 h5 33. e4 Ra1 34. Rb5 Rf1 35. Ke2 Rc1 36. Kd2 Ra1 37. h3 Rg1 38. g3 h4 39. gxh4 Rb1 40. Rxa5 b3 41. cxb3 Rxb3 42. h5 Rxh3 43. hxg6 Kxg6 44. Ke2 Rb3 45. f3 Kf6 46. Rf5+ Ke6 47. Kf2 Rb1 48. Kg3 Rg1+ 49. Kf4 f6 50. Ra5 Rb1 51. Ra6+ Kf7 52. Rc6 Rb5 53. Kg4 Ra5 54. Rb6 Rc5 55. Rb7+ Ke6 56. Rh7 Ra5 57. Rh5 Ra1 58. Rb5 Rg1+ 59. Kf4 Ra1 60. Rb6+ Kf7 61. Kg4 Ra5 62. f4 Rc5 63. Ra6 Rb5 64. Ra7+ Kg6 65. f5+ Kh6 66. Ra6 Kg7 67. Ra7+ Kh6 68. Rf7 Rb6 69. Kf4 Ra6 70. Re7 Ra1 71. Rf7 Ra6 72. Kg4 Rb6 73. Re7 Rb1 74. Re6 Rg1+ 75. Kf4 Kg7 76. Re7+ Kf8 77. Ra7 Rf1+ 78. Ke3 Rd1 79. Rb7 Rd6 80. Kf4 Rd1 81. Ra7 Rf1+ 82. Kg4 Rg1+ 83. Kf3 Rf1+ 84. Ke2 Rb1 85. Ra6 Kf7 86. Ra7+ Kf8 87. Kd3 Rd1+ 88. Kc3 Rd6 89. Kc4 Rd1 90. Kc5 Rd2 91. Ra6 Ke7 92. Re6+ Kf7 93. Rd6 Re2 94. Rd7+ Ke8 95. Rd4 Ke7 96. Kd5 Ra2 97. Rc4 Rd2+ 98. Rd4 Ra2 99. Kc4 Ra5 100. Kd3 Ra3+ 101. Ke2 Rh3 102. Rd3 Rh1 103. Ra3 Rb1 104. Ra7+ Kf8 105. Ra6 Ke7 106. Re6+ Kf7 107. Rd6 Rb3 108. Rd3 Rb4 109. Ke3 Rb1 110. Rd7+ Ke8 111. Rh7 Rd1 112. Rh6 Kf7 113. Rg6 Rd8 114. Kf4 Rd1 115. Rg3 Rf1+ 116. Rf3 Re1 117. Ra3 Rf1+ 1/2-1/2

[Event "EIBCC 2019"]
[Site "Tallinn"]
[Date "2019.12.07"]
[Round "3.34"]
[White "Psyk, Radoslaw"]
[Black "Nguyen, Thai Dai Van"]
[Result "0-1"]
[WhiteElo "2144"]
[BlackElo "2419"]
[Annotator "NA"]
[PlyCount "100"]
[EventDate "2019.12.06"]
[EventType "swiss"]
[EventCountry "EST"]
[SourceTitle "playchess.com"]
[Source "ChessBase"]
[SourceQuality "1"]

1. e4 c5 2. Nc3 Nc6 3. Bb5 Nd4 4. Bc4 a6 5. d3 e6 6. Nge2 b5 7. Bb3 Nc6 8. Be3 Nf6 9. a4 b4 10. Nb1 d5 11. Nd2 Be7 12. O-O O-O 13. h3 h6 14. Ng3 d4 15. Bf4 e5 16. Bxh6 gxh6 17. Nh5 Kh7 18. f4 exf4 19. Rxf4 Ne5 20. Nxf6+ Bxf6 21. Qh5 Bg5 22. Rf2 Be6 23. Raf1 Bxb3 24. Nxb3 Qd6 25. Kh1 Qg6 26. Qe2 Rg8 27. Nxc5 Rac8 28. Nb3 Rcd8 29. Rf5 Rge8 30. Qe1 Be3 31. Qxb4 Qg7 32. Qb7 Rd7 33. Qxa6 Rg8 34. g4 Nxg4 35. hxg4 Qxg4 36. Rxf7+ Rxf7 37. Rxf7+ Rg7 38. Rxg7+ Qxg7 39. Kh2 Bf4+ 40. Kh1 Be3 41. Kh2 Qg1+ 42. Kh3 Qf1+ 43. Kg4 Qf4+ 44. Kh3 Qf3+ 45. Kh2 Bf4+ 46. Kg1 Be3+ 47. Kh2 Qh5+ 48. Kg2 Qg4+ 49. Kh2 Bf4+ 50. Kh1 Qh3+ 0-1

[Event "EIBCC 2019"]
[Site "Tallinn"]
[Date "2019.12.07"]
[Round "3.35"]
[White "Aleksandrov, Aleksej"]
[Black "Morgunov, Marc"]
[Result "1-0"]
[WhiteElo "2416"]
[BlackElo "2141"]
[Annotator "NA"]
[PlyCount "37"]
[EventDate "2019.12.06"]
[EventType "swiss"]
[EventCountry "EST"]
[SourceTitle "playchess.com"]
[Source "ChessBase"]
[SourceQuality "1"]

1. d4 Nf6 2. c4 e6 3. Nc3 Bb4 4. e3 b6 5. Nge2 Ne4 6. Qc2 Bb7 7. a3 Bxc3+ 8. Nxc3 Nxc3 9. Qxc3 d6 10. b4 a5 11. Bb2 axb4 12. axb4 Rxa1+ 13. Bxa1 Qg5 14. d5 e5 15. f4 Qg6 16. fxe5 Qb1+ 17. Kf2 Nd7 18. exd6 Nf6 19. Qe5+ 1-0

[Event "EIBCC 2019"]
[Site "Tallinn"]
[Date "2019.12.07"]
[Round "3.36"]
[White "Strybuk, Artsiom I"]
[Black "Krupenski, Juri"]
[Result "1/2-1/2"]
[WhiteElo "2138"]
[BlackElo "2413"]
[Annotator "NA"]
[PlyCount "86"]
[EventDate "2019.12.06"]
[EventType "swiss"]
[EventCountry "EST"]
[SourceTitle "playchess.com"]
[Source "ChessBase"]
[SourceQuality "1"]

1. d4 Nf6 2. c4 e6 3. g3 d5 4. Nf3 Bb4+ 5. Bd2 Bd6 6. Bg2 c6 7. Qc2 O-O 8. O-O Nbd7 9. Bg5 h6 10. Bxf6 Nxf6 11. Nbd2 b6 12. e4 dxe4 13. Nxe4 Nxe4 14. Qxe4 Bb7 15. Rfd1 Qc7 16. Ne5 Bxe5 17. Qxe5 Rac8 18. Qxc7 Rxc7 19. Rd2 Rd8 20. Rad1 Rcd7 21. f4 Kf8 22. Kf2 Ke7 23. Ke3 c5 24. Bxb7 Rxb7 25. b3 Rbd7 26. dxc5 Rxd2 27. Rxd2 Rxd2 28. Kxd2 bxc5 29. a3 a5 30. Kc3 Kd6 31. b4 axb4+ 32. axb4 cxb4+ 33. Kxb4 f6 34. Kc3 Kc5 35. Kd3 g5 36. h4 gxh4 37. gxh4 h5 38. Kc3 e5 39. fxe5 fxe5 40. Kd3 e4+ 41. Kxe4 Kxc4 42. Kf5 Kd5 43. Kg5 Ke6 1/2-1/2